Subatomic Particles - Statistics

General Stats
  • This quiz has been taken 209 times
  • The average score is 16 of 20
Answer Stats
Answer % Correct
Quarks
95%
electron
94%
down
89%
up
89%
strange
87%
charm
85%
electron neutrino
82%
tau neutrino
82%
bottom
81%
muon neutrino
81%
top
81%
Leptons
80%
muon
80%
Higgs
79%
Bosons
78%
tau
78%
photon
75%
gluon
72%
W boson
65%
Z boson
64%
No matching quizzes found
Score Distribution
Percent of People with Each Score
Percentile by Number Answered
Your Score History
You have not taken this quiz